| 000 | 00650nam a2200229 a 4500 | ||
|---|---|---|---|
| 999 |
_c1555 _d1555 |
||
| 001 | 1555 | ||
| 003 | BD-JhCC | ||
| 005 | 20171021193216.0 | ||
| 008 | 171021s2001 bg |||| ||a| 000 0 ben d | ||
| 020 | _a9844102774 | ||
| 035 | _a(BD-JhCC)1555 | ||
| 040 |
_aBD-JhCC _dBD-JhCC |
||
| 041 | _aben | ||
| 082 |
_a910 _bMON 2001 |
||
| 100 | _aমনিরুজ্জামান | ||
| 245 |
_aপৃথিবীর পথে পথে / _cমনিরুজ্জামান |
||
| 260 |
_aঢাকা : _bমাওলা ব্রাদার্স, _c2001. |
||
| 300 |
_a352 p. : _c22 cm. |
||
| 650 | _aTravel | ||
| 942 |
_2ddc _cBK |
||